000
00283nam a2200121Ia 4500
008
191201s2012 xx 000 0 und d
100
_a
KUMAR,N.S.
245
0
_a
Engineering Drawing-I
260
_a
N. delhi
_b
New India
_c
2012
300
_a
NULL
650
_a
B.Tech(ME)
942
_2
ddc
_c
BK
999
_c
479
_d
479